| 000 | 00696nam a2200217 i 4500 | ||
|---|---|---|---|
| 001 | 11982 | ||
| 003 | ES-MaACL | ||
| 005 | 20230906150220.0 | ||
| 007 | t| | ||
| 008 | 941018s1994 sp c |||| |dspa j | ||
| 020 | _a84-604-9536-1 | ||
| 080 | _a32 Costa, Joaquín | ||
| 245 | 0 | 0 | _aVigencia del pensamiento de Joaquín Costa. |
| 260 |
_a[Zaragoza] : _bDiputación General de Aragón ; _aMadrid : _bCasa de Aragón en Madrid, _c1994. |
||
| 300 |
_a143 p. : _bretr. ; _c27 cm. |
||
| 600 | 1 | 4 |
_aCosta, Joaquín, _d1846-1911 _941054 |
| 710 | 1 |
_aAragón. _bDiputación General. _91410 |
|
| 710 | 2 |
_aCasa de Aragón en Madrid. _92461 |
|
| 852 |
_aES-MaACL _jL-19290 |
||
| 999 |
_c11982 _d11982 |
||